000 00801nam a2200229 a 4500
001 BRCA_9070
005 20190320210519.0
008 050917s1800----sp-#######---#000-0#lat-#
041 _alat
044 _asp
084 _aCO63
_b.C38 1800
100 1 _aCavallario, Dominico
_d1724-1781
_921259
245 1 0 _aInstitutiones Juris Canonici
_bin tres partes, ac sex tomos distributae, quibus vetus et nova ecclesiae disciplina et mutationum causae enarrantur
_ca Dominico Cavallario.
260 _aMatriti
_bEx typographia regia
_c1800
300 _a[2], 227 p. (t.3)
_c22 x 16 cm
500 _aSuperiorum permissu
500 _aEstado físico: presenta encuadernación en pergamino con cintas
546 _aTexto en: latín
650 1 4 _aDerecho canónico
_921260
902 _aCFM
942 _2lcc
_cB
999 _c8720
_d8720